Najmniejsze Państwa Świata - Statystyki

Ogólne statystyki
  • Ten quiz został rozwiązany 91 razy
  • Średni wynik to 10 z 15
Statystyki odpowiedzi
Powierzchnia Państwo % Poprawnych
0,44 km² Watykan
99%
61,6 km² San Marino
96%
160 km² Liechtenstein
92%
1,95 km² Monako
92%
316 km² Malta
66%
26 km² Tuvalu
65%
21,3 km² Nauru
64%
181 km² Wyspy Marshalla
57%
261 km² Saint Kitts i Nevis
50%
389 km² Saint Vincent i Grenadyny
50%
455 km² Seszele
49%
435,3 km² Antigua i Barbuda
47%
431 km² Barbados
43%
344 km² Grenada
43%
300 km² Malediwy
41%
Nie znaleziono quizów pasujących do podanych kryteriów
Rozkład punktacji
Procent ludzi z każdym wynikiem
Percentyl według liczby udzielonych odpowiedzi
Twoja historia wyników
Nie rozwiązałeś tego quizu